000 00346nam a2200157 4500
008 190607s1979||||xo d
260 _bSPN
_aBratislava
_c1979
041 1 _aslo
044 _axo
_cSK
250 _a1. vydanie
490 _v287
245 1 0 _aÚctovníctvo pre 2. rocník SEŠ
020 _c0
300 _a191 s.
958 _aA
999 _c22581
_d22581